00510nam a22001937a 450000500170000001000140001702000110003103500130004203700130005508200110006810000250007924500510010426000240015527000480017930000210022770000260024894200250027499900170029920100723105944.0 aENG-96571 c250.00 aEN-80104 bDBAD/PUB a813.54 aManto, Saadat Hasan  aThe price of freedeom /cby Saadat Hasan Manto aDelhibM.S Markenet aBF/6,SFS Flats,Shalimar BaghbDelhie110088 a221p.c23cm (Hb) aBhatia, Roshi M.9881 2ddccENh813.54mMAN c37311d37311